000
00308nam a2200121Ia 4500
005
20260326100036.0
008
260326s9999||||xx |||||||||||||| ||und||
100
_a
Mac Gregor, Luis
245
0
_a
El Plateresco en México /
_c
Luis Mac Gregor
260
_b
Porrua
650
_a
ARQUITECTURA REGIONAL
942
_c
BK
999
_c
6792
_d
6792